Библиография на архимандрит д-р Павел Стефанов (1974 - 1998) (Запис номер 32179)
[ съкратено ]
| 000 -Лидер | |
|---|---|
| Контролно поле с фиксирана дължина | 01784nam a2200421 c 4500 |
| 003 - Код на организацията, давaща контролен номер | |
| Контролно поле | BLK |
| 005 - Дата и час на последна редакция | |
| Контролно поле | 20220218110455.0 |
| 008 - Елементи от данни с фиксирана дължина | |
| fixed length control field | 180407b bul|||||r ||||||| ||bul|| |
| 010 ## - Наследен системен номер | |
| LC control number | KNG00034849000 |
| 040 ## - Източник на каталожния запис | |
| Идентификатор на билиотеката - собственик на записа | BLK |
| 041 ## - Код за език | |
| Код за езика на текст/звукозапис или на отделно заглавие | Български |
| Код за езика КДБФ | Български |
| 072 #7 - Код за тематичната категория | |
| Код организация | bullib |
| Код за тематична категория | К |
| Текст | Краезнание |
| 072 #7 - Код за тематичната категория | |
| Код организация | bullib |
| Код за тематична категория | Я |
| Текст | Автографи |
| 080 ## - УДК | |
| Текстов определител УДК | Био-библиографии |
| УДК код - определител по УДК | 016:929 |
| УДК - код + определител | 016:929 |
| 080 ## - УДК | |
| Текстов определител УДК | Българска православна църква |
| УДК код - определител по УДК | 281.962 |
| УДК определител | (01) |
| УДК - код + определител | 281.962(01) |
| 080 ## - УДК | |
| УДК код - определител по УДК | 929 Стефанов, Павел |
| УДК - код + определител | 929 Стефанов, Павел |
| 139 ## - Редно поле | |
| Редна дума | Тотев, Тотю Косев |
| Авторски знак | Сте - С 75 |
| 245 10 - Сведения за заглавието | |
| Заглавие | Библиография на архимандрит д-р Павел Стефанов (1974 - 1998) |
| Редно поле (дума) | състав. и предг. от Тотю Косев Тотев. |
| 257 ## - Страна на издаване | |
| Страна на създаване/издаване | България |
| 260 ## - Област на издателските данни | |
| Име на издателя, разпространителя и проч. | Медиа контакт |
| Година на издаване | 1999 |
| Печатница | Варна : Бдин 909 |
| 300 ## - Физическа характеристика | |
| Страници | 86 с. |
| Размери/Мащаб | 20 см |
| 380 ## - Жанр | |
| Жанр | Общ отдел |
| 500 ## - Общи забележки | |
| Забележка | Състав. отбелязан на с. 4. - Светското име на архимандрит Павел е Владимир Стефанов Георгиев. - Офс. изд. |
| 600 14 - Име на лице, използвано като предмет | |
| За него / За нея | Стефанов, Павел |
| 9 (RLIN) | 366770 |
| 650 #4 - Допълнително описание по предмет – тема | |
| Основно описание – тема или топоним | Духовници, български - библиографии |
| 9 (RLIN) | 272119 |
| 653 ## - Ключова дума – ненормативна | |
| Ключова дума | био-библиографии |
| 653 ## - Ключова дума – ненормативна | |
| Ключова дума | Павел Стефанов |
| 653 ## - Ключова дума – ненормативна | |
| Ключова дума | архимандрити |
| 653 ## - Ключова дума – ненормативна | |
| Ключова дума | библиографски указатели |
| 659 ## - Тематичен бюлетин | |
| Тематичен бюлетин | К |
| 659 ## - Тематичен бюлетин | |
| Тематичен бюлетин | Я |
| 700 1# - Други автори (авторска отговорност) | |
| Лично име | Тотев, Тотю Косев |
| Автороска отговорност (Описва отношението между автора и произведението) | състав. и предг. от |
| 9 (RLIN) | 365651 |
| 852 ## - Местоположение | |
| Форматна сигнатура | Цб 207242 |
| 852 ## - Местоположение | |
| Форматна сигнатура | К 016:92/С 75 П |
| 856 4# - Електронен адрес и достъп | |
| Електронен формат | pdf - файл |
| 856 4# - Електронен адрес и достъп | |
| Електронен формат | pdf - файл |
| 999 ## - СИСТЕМНИ КОНТРОЛНИ НОМЕРА | |
| Koha biblionumber | 32179 |
| Koha biblioitemnumber | 32179 |
| 942 ## - АРТИКУЛИ | |
| Вид на библиотечния материал | Книги |
| Скрит в OPAC | Не |
| Периодичен библиозапис | Да |
| 944 ## - СЪЗДАВАНЕ И РЕДАКЦИЯ на ЗАПИСА | |
| Създаване/Редакция | Създаване |
| Дата на регистрацията/редакция | 08.05.2003 |
| Служител, извършил регистрацията/редакцията | Валя_Йорданова |
| 944 ## - СЪЗДАВАНЕ И РЕДАКЦИЯ на ЗАПИСА | |
| Създаване/Редакция | Редакция |
| Дата на регистрацията/редакция | 11.02.2013 |
| 999 ## - СИСТЕМНИ КОНТРОЛНИ НОМЕРА | |
| Koha biblioitemnumber | 32179 |
| Код за отписване | Код за изгубен артикул | Източник на класификационната схема | Код за повреда | Коз за рестрикции | Код за отдаване | Артикулен № | Име на библиотеката - собственик | Име на библиотеката, в която се намира в момента | Статус (Текущо местоположение) | Дата на вписване в системата | Местоположение - отдел | Цена в лева | Номерация (Хронология) | Инвентарен номер | Систематично азбучна сигнатура | Баркод | Номер на екземпляра | Цена в евро | Служебна бележка | Служебен тип на артикула |
|---|---|---|---|---|---|---|---|---|---|---|---|---|---|---|---|---|---|---|---|---|
| Не е изгубен | Universal Decimal Classification | Не е повреден | без рестрикции | ползва се в читалня | 51342 | Регионална библиотека "Любен Каравелов" Русе | Регионална библиотека "Любен Каравелов" Русе | Краезнание | 2001-01-01 | Краезнание | 2.00 | Автограф: Павел Стефанов | 661566 | К 016:92/С 75 П | 120000661566 | 1 | 1.02 | Дост: DA Вид: А N: стар фонд Дата: 01.01.1999 Дата инв: 08.11.2017 Бележки инв: СК2017 | Книги |